| 000 | 00559nam a2200193Ia 4500 | ||
|---|---|---|---|
| 003 | GCL | ||
| 008 | 140319s9999 xx 000 0 ara d | ||
| 040 |
_aGCL / _cGCL |
||
| 082 | 0 | 4 |
_a189 _bن ح |
| 100 | 1 | _aنظمى لوقا | |
| 245 | 1 | 0 |
_aالحقيقة عند فلاسفة المسلمين / _cنظمى لوقا |
| 260 |
_aالقاهرة : _bمكتبة غريب ، _c1982 |
||
| 300 |
_a191 ص ؛ _c24 سم |
||
| 490 | _a | ||
| 650 | 0 | 4 | _aالفلسفة الاسلامية |
| 650 | 0 | 4 | _aالفلسفة |
| 650 | 0 | 4 | _aالفلاسفة |
| 942 |
_2ddc _cBK |
||
| 999 |
_c34482 _d34482 |
||